One Right Now - Post Malone & The Weeknd Lyrics - Statistics

General Stats
  • This quiz has been taken 90 times
  • The average score is 233 of 294
Answer Stats
Hint Lyrics % Correct
a
96%
no,
96%
no
96%
2x now
96%
on
96%
one
96%
right
96%
you
96%
You
96%
I
93%
me
93%
me,
93%
f*ck
89%
he
89%
love
89%
my
89%
the
89%
got
87%
but
85%
But
85%
care
85%
don't
85%
Don't
85%
f*ckin'
85%
f*ckin
85%
feelings
85%
so
85%
So
85%
That
85%
that
85%
and
83%
comin'
83%
easy
83%
f*cked
83%
Chorus | Verse1 Said
83%
to
83%
over
80%
with
80%
same
78%
told
78%
when
78%
hand
76%
it's
76%
say
76%
wall
76%
baby
74%
broke
74%
did
72%
think
72%
call
70%
friends
70%
friends,
70%
should
70%
wrong
70%
2x yeah
70%
have
67%
oh
67%
your
67%
good,
65%
pay
65%
be
63%
just
63%
in
61%
already
59%
wanna
59%
what
59%
Body
57%
body,
57%
How
57%
not
57%
of
57%
world
57%
babies
54%
many
54%
We
54%
can't
52%
coming
52%
enemies
52%
for
52%
legacy
52%
petty
52%
family
50%
fit
50%
alone
48%
belong
48%
enough
48%
leave
48%
next
48%
all
46%
Rolls?
46%
is,
43%
let
43%
maybe
43%
one's
43%
Dad,
41%
probably
41%
Verse2 You're
41%
stain
39%
Truth
39%
We're
37%
bag,
35%
Intro 5x na-na
35%
touch
35%
face,
33%
new
33%
dropped
30%
Hermes,
30%
I'm
30%
more
30%
Brought
11%
No matching quizzes found
Score Distribution
Percent of People with Each Score
Percentile by Number Answered
Your Score History
You have not taken this quiz